[Event "43rd Capablanca Memorial Open"]
[Site "Havana CUB"]
[Date "2008.05.11"]
[Round "4"]
[White "Ortiz Suarez,I"]
[Black "Ossa,O"]
[Result "0-1"]
[WhiteElo "2405"]
[BlackElo "2242"]

1.e4 e5 2.Nf3 Nc6 3.Bb5 a6 4.Ba4 Nf6 5.O-O b5 6.Bb3 Bb7 7.Re1 Bc5 8.c3 d6
9.d4 Bb6 10.a4 O-O 11.Na3 exd4 12.cxd4 Na5 13.Bc2 b4 14.Nb1 Re8 15.Nbd2 c5  0-1

[Event "ENCI Limburg Open"]
[Site "Maastricht NED"]
[Date "2008.05.11"]
[Round "5"]
[White "Klimov,S"]
[Black "Wemmers,X"]
[Result "1-0"]
[WhiteElo "2484"]
[BlackElo "2387"]

1.e4 e5 2.Nf3 Nc6 3.Bb5 a6 4.Ba4 Nf6 5.O-O b5 6.Bb3 Bb7 7.d3 Bc5 8.a4 d6
9.Nc3 b4 10.Ne2 O-O 11.Ng3 h6 12.Bd2 Rb8 13.Qc1 Kh7 14.Nf5 Bc8 15.h3 Bxf5
16.exf5 Qd7 17.g4 d5 18.Be3 Bd6 19.Qd1 Na5 20.Ba2 c5 21.Nh4 Qe7 22.g5 hxg5
23.Bxg5 b3 24.cxb3 Rb4 25.Ng2 Rh8 26.Ne3 Qb7 27.Qf3 e4 28.dxe4 Nxe4 29.Rfe1 d4
30.Nd5 Qxd5 31.Rxe4 Qc6 32.Rae1 Rbb8 33.b4 c4 34.bxa5 Qxa4 35.Bb1 Qxa5 36.Rd1 Bc5
37.Re5 Qc7 38.Bf4 d3 39.f6 Rxb2 40.Rh5+ Kg6 41.Qg4+  1-0

[Event "Mayors Cup Open"]
[Site "Mumbai IND"]
[Date "2008.05.12"]
[Round "3"]
[White "Kiran,M"]
[Black "Neelakantan,N"]
[Result "0-1"]
[WhiteElo "2316"]
[BlackElo "2160"]

1.e4 e5 2.Nf3 Nc6 3.Bb5 a6 4.Ba4 Nf6 5.O-O b5 6.Bb3 Bb7 7.c3 d5 8.exd5 Nxd5
9.Re1 Be7 10.a4 O-O 11.axb5 axb5 12.Rxa8 Bxa8 13.d3 Bf6 14.Ba2 b4 15.Qb3 Nde7
16.cxb4 Nd4 17.Nxd4 Qxd4 18.Be3 Qg4 19.f3 Bxf3 20.Qc2 Nd5 21.Bxd5 Bxd5 22.Bc5 Rd8
23.Nc3 Bb7 24.b5 Rxd3 25.b6 Qc4 26.Bf2 Qc6 27.Re4 Rxc3  0-1

[Event "I Open"]
[Site "Augustow POL"]
[Date "2008.05.13"]
[Round "5"]
[White "Ostrowska,D"]
[Black "Malaniuk,V"]
[Result "0-1"]
[WhiteElo "1829"]
[BlackElo "2505"]

1.e4 e5 2.Nf3 Nc6 3.Bb5 a6 4.Ba4 Nf6 5.O-O b5 6.Bb3 Bb7 7.c3 Nxe4 8.d4 Na5
9.Nxe5 Nxb3 10.Qxb3 Nd6 11.Re1 Be7 12.a4 O-O 13.Bf4 Bg5 14.Bg3 Re8 15.h3 Nf5
16.Bh2 d6 17.Nd3 bxa4 18.Qxa4 Nh4 19.f4 Nxg2 20.fxg5 Qxg5 21.Rc1 Nf4+  0-1

[Event "Frank K Berry ch-USA"]
[Site "Tulsa USA"]
[Date "2008.05.16"]
[Round "4"]
[White "Becerra Rivero,J"]
[Black "Kaidanov,G"]
[Result "1/2-1/2"]
[WhiteElo "2575"]
[BlackElo "2596"]

1.e4 e5 2.Nf3 Nc6 3.Bb5 a6 4.Ba4 Nf6 5.O-O b5 6.Bb3 Bb7 7.d3 Be7 8.Nc3 O-O
9.a3 h6 10.Nd5 d6 11.Bd2 Qd7 12.a4 Nxd5 13.Bxd5 Rab8 14.axb5 axb5 15.c3 Bf6
16.Be3 Rfe8 17.d4 exd4 18.cxd4 Nd8 19.Bxb7 Nxb7 20.Qd3 Qe7 21.Nd2 c5 22.Ra7 cxd4
23.Bxd4 Bxd4 24.Qxd4 Qe5 25.Qxe5 dxe5 26.Rc1 Nd6 27.Rd7 Nc4 28.Nxc4 bxc4
29.Rxc4 Rxb2 30.g3  1/2-1/2

[Event "Mayors Cup Open"]
[Site "Mumbai IND"]
[Date "2008.05.19"]
[Round "11"]
[White "Soumya,Sw"]
[Black "Neelakantan,N"]
[Result "1/2-1/2"]
[WhiteElo "2303"]
[BlackElo "2160"]

1.e4 e5 2.Nf3 Nc6 3.Bb5 a6 4.Ba4 Nf6 5.O-O b5 6.Bb3 Bb7 7.d3 Be7 8.Nc3 O-O
9.a4 b4 10.Nd5 Nxd5 11.Bxd5 d6 12.d4 Bf6 13.c3 Qc8 14.Bxc6 Bxc6 15.d5 Bd7
16.cxb4 Qb7 17.Bd2 c6 18.Bc3 Rac8 19.Re1 cxd5 20.exd5 Rc4 21.Qd3 Rf4 22.Nd2 Be7
23.g3 Rg4 24.f4 f5 25.fxe5 dxe5 26.Bxe5 Bxb4 27.Bf4 g5 28.h3 gxf4 29.hxg4 fxg4
30.gxf4 Qb6+ 31.Re3 Bc5 32.Nc4 Qh6  1/2-1/2

[Event "VIII Mario Covas"]
[Site "Santos BRA"]
[Date "2008.05.22"]
[Round "6"]
[White "Mekhitarian,K"]
[Black "Mareco,S"]
[Result "1/2-1/2"]
[WhiteElo "2466"]
[BlackElo "2470"]

1.e4 e5 2.Nf3 Nc6 3.Bb5 a6 4.Ba4 Nf6 5.O-O b5 6.Bb3 Bb7 7.c3 Nxe4 8.d4 exd4
9.Re1 Na5 10.Nbd2 d5 11.Nxd4 Nxb3 12.axb3 Be7 13.Nf5 O-O 14.Nxe4 dxe4 15.Qg4 g6
16.Bh6 Re8 17.Rad1 Qc8 18.Nxe7+ Rxe7 19.Qf4 Qf5 20.Qxf5 gxf5 21.Bg5 Re6 22.Rd7 Rc8
23.Red1 Bc6 24.Rd8+ Rxd8 25.Rxd8+ Kg7  1/2-1/2

[Event "115th ch-SCO"]
[Site "Glasgow SCO"]
[Date "2008.06.09"]
[Round "5"]
[White "McGowan,D"]
[Black "Mason,I"]
[Result "1-0"]
[WhiteElo "2107"]
[BlackElo "1927"]

1.e4 e5 2.Nf3 Nc6 3.Bb5 a6 4.Ba4 Nf6 5.O-O b5 6.Bb3 Bb7 7.d3 Bc5 8.Be3 Bxe3
9.fxe3 O-O 10.Nc3 d6 11.a4 b4 12.Ne2 Na5 13.Ba2 c5 14.Qe1 Ng4 15.Ng3 Qb6
16.Nf5 Nf6 17.Qg3 g6 18.Ng5 b3 19.cxb3 Nxb3 20.Bxb3 Qxb3 21.Nxd6 Nh5 22.Qxe5 f6
23.Qe6+ Qxe6 24.Nxe6 Rfb8 25.Nxc5 Bc8 26.Nxc8 Rxc8 27.d4 Rc6 28.b4 Rb8 29.Rfb1 Kf7
30.b5 axb5 31.axb5 Rd6 32.Ra6 Rxa6 33.Nxa6 Rb6 34.Nc5 Ng7 35.Na4 Rb8 36.b6 Ne6
37.Nc5 Nd8 38.b7 Ke7 39.Ra1 Kd6 40.Ra8 Nc6 41.d5  1-0

[Event "ch-Panamerican U20"]
[Site "Cali COL"]
[Date "2008.06.11"]
[Round "3"]
[White "Alvarez,Ja"]
[Black "Herrera,Jua"]
[Result "1-0"]
[WhiteElo "2147"]
[BlackElo "2006"]

1.e4 e5 2.Nf3 Nc6 3.Bb5 a6 4.Ba4 Nf6 5.O-O b5 6.Bb3 Bb7 7.Qe2 Bc5 8.c3 d6
9.a4 b4 10.a5 O-O 11.d3 h6 12.Nbd2 Rb8 13.Nc4 Bc8 14.Ba4 Ne7 15.d4 exd4 16.cxd4 Ba7
17.h3 d5 18.exd5 Nfxd5 19.Bd2 Bd7 20.Bc2 Re8 21.Nfe5 Bxd4 22.Qe4 Bxe5 23.Qh7+ Kf8
24.Nxe5 Nf6 25.Qh8+ Neg8 26.Rfe1 b3 27.Bd3 c5 28.Bc4 Bb5 29.Bf4 Qd4 30.Bxf7 Red8
31.Bxg8 Nxg8 32.Ng6+ Kf7 33.Be5 Nf6 34.Bxd4 Kxg6 35.Qxd8 Rxd8 36.Bxc5  1-0

[Event "White Nights Open"]
[Site "St Petersburg RUS"]
[Date "2008.06.23"]
[Round "3"]
[White "Urjubdshzirov,E"]
[Black "Orlov,Va"]
[Result "1/2-1/2"]
[WhiteElo "2243"]
[BlackElo "2465"]

1.e4 e5 2.Nf3 Nc6 3.Bb5 a6 4.Ba4 Nf6 5.O-O b5 6.Bb3 Bb7 7.Re1 Bc5 8.c3 Bb6
9.d4 d6 10.Be3 O-O 11.Nbd2 h6 12.h3 Re8 13.d5 Ne7 14.Bxb6 cxb6 15.a4 bxa4
16.Bxa4 b5 17.Bc2 Rc8 18.Bd3 Nd7 19.c4 Nc5 20.Bf1 f5 21.cxb5 fxe4 22.bxa6 Bxd5
23.Nh2 Nc6 24.Ng4 Nd4 25.Ne3 Ba8 26.Qg4 Rf8 27.Bc4+ d5 28.Nxd5 Bxd5 29.Qxc8 Qxc8
30.Bxd5+ Kh8 31.a7 Qf5 32.Nxe4 Nxe4 33.Bxe4 Qxf2+ 34.Kh1 Nc2 35.a8=Q Nxe1
36.Qxf8+ Qxf8 37.Ra8 Qxa8 38.Bxa8 Nd3 39.b3 e4 40.Kg1 e3 41.Bf3 Nc1 42.b4  1/2-1/2

[Event "White Nights Open"]
[Site "St Petersburg RUS"]
[Date "2008.06.27"]
[Round "7"]
[White "Melnikov,D"]
[Black "Sivokho,S"]
[Result "0-1"]
[WhiteElo "2285"]
[BlackElo "2467"]

1.e4 e5 2.Nf3 Nc6 3.Bb5 a6 4.Ba4 Nf6 5.O-O b5 6.Bb3 Bb7 7.d4 Nxd4 8.Nxd4 exd4
9.e5 Ne4 10.Qf3 Qe7 11.Nd2 Nc5 12.Bd5 c6 13.b4 cxd5 14.bxc5 Qxc5 15.Nb3 Qxc2
16.Bd2 Qe4 17.Qh3 Be7 18.Rae1 Qh4 19.Qd3 O-O 20.Nxd4 g6 21.f4 f5 22.Bc3 Rac8
23.Ba1 Rc4 24.Kh1 Rfc8 25.e6 d6 26.Bb2 b4 27.Re3 Qf6 28.Rg3 Bf8 29.e7 Qxe7
30.Nxf5 Qe4 31.Nd4 Bg7  0-1

[Event "XII Izmailov Mem"]
[Site "Tomsk RUS"]
[Date "2008.06.28"]
[Round "4"]
[White "Karpov,Vi"]
[Black "Egorov,And"]
[Result "0-1"]
[WhiteElo "2160"]
[BlackElo "2236"]

1.e4 e5 2.Nf3 Nc6 3.Bb5 a6 4.Ba4 Nf6 5.O-O b5 6.Bb3 Bb7 7.Nc3 Bc5 8.d3 O-O
9.a3 d6 10.h3 h6 11.Kh2 Nd4 12.Nxd4 Bxd4 13.Ne2 Ba7 14.Ng3 d5 15.exd5 Bxd5
16.Bxd5 Nxd5 17.Qh5 Re8 18.f4 Nf6 19.Qf3 Qd5 20.Ne4 Nxe4 21.dxe4 Qc4 22.f5 f6
23.b3 Qxc2 24.Bxh6 gxh6 25.Qg4+ Kh8 26.Qg6 Re7 27.Rac1 Qd2 28.Rf3 Rg7 29.Rxc7 Rxg6
30.fxg6 Qe1 31.Rh7+ Kg8  0-1

[Event "Heart of Finland"]
[Site "Jyvaskyla FIN"]
[Date "2008.07.12"]
[Round "1"]
[White "Heino,A"]
[Black "Hintikka,E"]
[Result "0-1"]
[WhiteElo "1791"]
[BlackElo "2151"]

1.e4 e5 2.Nf3 Nc6 3.Bb5 a6 4.Ba4 Nf6 5.O-O b5 6.Bb3 Bb7 7.c3 Nxe4 8.Re1 Nc5
9.Nxe5 Nxe5 10.Rxe5+ Be7 11.Bc2 d5 12.d4 Nd7 13.Re2 O-O 14.Nd2 Nf6 15.Nf3 Ne4
16.Nd2 Bd6 17.Nxe4 dxe4 18.Bxe4 Bxh2+ 19.Kf1 Bxe4 20.Rxe4 f5 21.Re3 Bd6 22.Bd2 Qf6
23.Qf3 f4 24.Re4 Qf5 25.Rae1 Rad8 26.a3 g5 27.R4e2 g4 28.Qe4 Qh5 29.Qe6+ Kh8
30.Re4 Qh1+ 31.Ke2 Qxg2 32.Kd1 Rde8 33.Qxe8 Rxe8 34.Rxe8+ Kg7 35.R8e4 Qxf2
36.R1e2 Qf3 37.Kc2 g3 38.d5 g2 39.c4  0-1

[Event "Heart of Finland"]
[Site "Jyvaskyla FIN"]
[Date "2008.07.16"]
[Round "7"]
[White "Pesola,J"]
[Black "Hintikka,E"]
[Result "0-1"]
[WhiteElo "1989"]
[BlackElo "2151"]

1.e4 e5 2.Nf3 Nc6 3.Bb5 a6 4.Ba4 Nf6 5.O-O b5 6.Bb3 Bb7 7.Re1 Bc5 8.c3 d6
9.d4 Bb6 10.a4 Qe7 11.axb5 axb5 12.Rxa8+ Bxa8 13.Qe2 Na7 14.Bc2 O-O 15.Bg5 h6
16.Bh4 Qe6 17.h3 Nh5 18.Nbd2 Re8 19.Nh2 Qg6 20.dxe5 dxe5 21.Qf3 Nc8 22.Ng4 Nd6
23.Ne3 Nf4 24.Bg3 Ne6 25.Qg4 Ng5 26.f3 h5 27.Qh4 Qh6 28.Bf2 Ne6 29.Nef1 g5
30.Qg3 h4 31.Qg4 Bxf2+ 32.Kxf2 Nf4 33.Ne3 Qf6 34.Nf5 Rd8 35.Rd1 Nxf5 36.exf5 Qb6+
37.Kf1 f6 38.Ne4 Rxd1+ 39.Bxd1 Bd5 40.Nxg5 Bc4+ 41.Be2 Bxe2+ 42.Ke1 Qg1+
43.Kd2 Qd1+ 44.Ke3 Nd5+ 45.Ke4 Qd3+  0-1

[Event "Ch-AY Boys U18"]
[Site "Tehran IRI"]
[Date "2008.07.17"]
[Round "2"]
[White "Otchiyev,A"]
[Black "Khoroshev,N"]
[Result "0-1"]
[WhiteElo "2225"]
[BlackElo "2162"]

1.e4 e5 2.Nf3 Nc6 3.Bb5 a6 4.Ba4 Nf6 5.O-O b5 6.Bb3 Bb7 7.d4 Nxd4 8.Nxd4 exd4
9.e5 Ne4 10.f3 Nc5 11.Qxd4 Ne6 12.Qg4 h5 13.Qh3 Bc5+ 14.Kh1 Qe7 15.Nc3 O-O-O
16.Nd5 Qf8 17.c3 Kb8 18.f4 g6 19.a4 d6 20.axb5 axb5 21.Nb4 Bxb4 22.cxb4 dxe5
23.Bxe6 fxe6 24.Qxe6 Re8 25.Qd7 Qf5 26.Qxf5 gxf5 27.Rf2 Rhg8 28.Kg1 Rd8 29.Be3 e4
30.Rc1 Rd6 31.Re2 Rgd8 32.Rc5 Rd3 33.Kf2 R8d5 34.Rxd5 Bxd5 35.Rc2 c6 36.Rd2 Rb3
37.Rc2 Rxb4 38.Bc5 Rb3 39.Bd4 Kb7 40.Re2 Rd3 41.Bc3 c5 42.Re3 Rxe3 43.Kxe3 b4
44.Bf6 Kc6 45.g3 Kb5 46.Kd2 Kc4 47.Be7 Bc6 48.Bf8 Bb5 49.Be7 Kd5 50.Bf8 Bd3
51.Be7 Kc4 52.Bf8 Kb5 53.Be7 c4 54.Bf8 Ka4 55.Be7 Kb3 56.Bf6 Bf1 57.Bd4 c3+
58.bxc3 bxc3+ 59.Ke3 Kc4 60.Bf6 Bg2 61.Bg7 Bf3 62.Bf6 Bd1 63.Bg7 c2 64.Bb2 Kb3
65.Bc1 Ka2 66.Kd2 Kb1 67.Ba3 Bg4 68.Bc1 e3+  0-1

[Event "Ch-AY Boys U18"]
[Site "Tehran IRI"]
[Date "2008.07.21"]
[Round "7"]
[White "Maleki,A"]
[Black "Khoroshev,N"]
[Result "1/2-1/2"]
[WhiteElo "2086"]
[BlackElo "2162"]

1.e4 e5 2.Nf3 Nc6 3.Bb5 a6 4.Ba4 Nf6 5.O-O b5 6.Bb3 Bb7 7.Re1 Bc5 8.c3 O-O
9.d4 Bb6 10.Bg5 d6 11.a4 h6 12.Bh4 Re8 13.axb5 axb5 14.Rxa8 Bxa8 15.Na3 exd4
16.Nxb5 g5 17.Bg3 Rxe4 18.Nbxd4 Nxd4 19.Nxd4 Rxe1+ 20.Qxe1 Bd5 21.Bxd5 Nxd5
22.Nf5 Qd7 23.Qe4 Nf6 24.Nxh6+ Kf8 25.Qf5 Qe6 26.h4 Ne4 27.Qxe6 fxe6 28.Kf1 Kg7
29.hxg5 Nxg3+ 30.fxg3 Kg6 31.Ng4 Kxg5 32.Nh2 Be3 33.Ke2 Bc1 34.b3 e5 35.c4 Kf5
36.Nf3 Kg4 37.Kf2 Bb2 38.b4 Ba3 39.Nh2+ Kf5 40.g4+ Kf4 41.g3+ Ke4 42.b5 Kd3
43.g5 e4 44.Ng4 Bb2 45.g6 Bd4+ 46.Kg2 e3 47.Nh2 Kxc4 48.Nf3 Bh8 49.Nh4 Kd3
50.Nf3 e2 51.Kf2  1/2-1/2

[Event "19th Czech Chladek & Tintera A Open"]
[Site "Pardubice CZE"]
[Date "2008.07.24"]
[Round "7"]
[White "Geller,J"]
[Black "Potapov,Alexa1"]
[Result "1-0"]
[WhiteElo "2510"]
[BlackElo "2451"]

1.e4 e5 2.Nf3 Nc6 3.Bb5 a6 4.Ba4 Nf6 5.O-O b5 6.Bb3 Bb7 7.c3 Nxe4 8.d4 Na5
9.Nxe5 Nxb3 10.Qxb3 Nd6 11.a4 Be7 12.Na3 O-O 13.Re1 Rb8 14.axb5 axb5 15.Nc2 Kh8
16.Bf4 g5 17.Bc1 f6 18.Nd3 Nf5 19.Ne3 Nh4 20.d5 Qe8 21.Qd1 f5 22.f4 Qf7 23.b3 Bf6
24.Bb2 Bxd5 25.Ne5 Bxe5 26.Nxd5 Bg7 27.Re7 Qg6 28.Rxg7 Qxg7 29.Rb1 Kg8 30.c4 Qh6
31.g3 c6 32.Ne7+ Kf7 33.gxh4 Kxe7 34.hxg5 Qe6 35.Qd2 Kd8 36.Re1 Qg6 37.Qa5+ Kc8
38.Qa6+ Kc7 39.Qa5+ Kc8 40.Qa6+ Kc7 41.c5 Qh5 42.Be5+ Kd8 43.Qa5+ Ke7 44.Bxb8+ Kf7
45.Be5 Qg4+ 46.Kf2 Qh4+ 47.Ke2 Qxh2+ 48.Kd1 Qg2 49.Qd2 Qf3+ 50.Kc2 d5 51.Qh2 h5
52.g6+ Kg8 53.Qe2 Qg4 54.Bd4  1-0

[Event "19th Czech Chladek & Tintera A Open"]
[Site "Pardubice CZE"]
[Date "2008.07.26"]
[Round "9"]
[White "Jasny,S"]
[Black "Potapov,Alexa1"]
[Result "1-0"]
[WhiteElo "2359"]
[BlackElo "2451"]

1.e4 e5 2.Nf3 Nc6 3.Bb5 a6 4.Ba4 Nf6 5.O-O b5 6.Bb3 Bb7 7.d3 Bd6 8.a3 O-O
9.Nc3 h6 10.h3 Re8 11.Be3 Bf8 12.Qd2 Nb8 13.a4 b4 14.Nd5 Nxd5 15.exd5 c6
16.d4 e4 17.Nh2 cxd5 18.f3 a5 19.fxe4 Rxe4 20.Rf3 Ra6 21.Raf1 Be7 22.Ng4 Rae6
23.Nf2 Rxe3 24.Rxe3 Bg5 25.Nd1 Bxe3+ 26.Nxe3 Qg5 27.Rf3 Na6 28.Qf2 Re4 29.c3 bxc3
30.bxc3 Nc7 31.Bc2 Qe7 32.Bxe4 dxe4 33.Rf5 d5 34.Qg3 Qd7 35.Rf2 Ne8 36.Ng4 Qe6
37.Rb2 Qc6 38.Qb8 Bc8 39.Qb5 Qxc3 40.Qxe8+ Kh7 41.Rf2 Be6 42.Qb5 Qxd4 43.Qxa5 Qa1+
44.Rf1 Qd4+ 45.Kh1 f5 46.Qa6 Bd7 47.Qd6 Qc4 48.Nf6+ gxf6 49.Qxd7+ Kg8 50.Rb1  1-0

[Event "41st Festival MTO"]
[Site "Biel SUI"]
[Date "2008.07.30"]
[Round "9"]
[White "Misiano,F"]
[Black "Thomassen,J"]
[Result "1-0"]
[WhiteElo "2269"]
[BlackElo "2357"]

1.e4 e5 2.Nf3 Nc6 3.Bb5 a6 4.Ba4 Nf6 5.O-O b5 6.Bb3 Bb7 7.d3 Be7 8.a4 d6
9.Nc3 Na5 10.Ba2 b4 11.Ne2 d5 12.Nxe5 Bd6 13.f4 O-O 14.exd5 Nxd5 15.Ng3 f6
16.Nc4 Bc5+ 17.d4 Bb6 18.Nxb6 cxb6 19.c3 bxc3 20.bxc3 Rc8 21.Qd3 Qc7 22.Ba3 Rfd8
23.Nf5 Kh8 24.Qg3 Nxc3 25.Rae1 Qd7 26.Be6  1-0

[Event "8th United Insurance"]
[Site "Dhaka BAN"]
[Date "2008.07.30"]
[Round "1"]
[White "Mohammad,Ali"]
[Black "Sharma,Di"]
[Result "0-1"]
[WhiteElo "2175"]
[BlackElo "2354"]

1.e4 e5 2.Nf3 Nc6 3.Bb5 a6 4.Ba4 Nf6 5.O-O b5 6.Bb3 Bb7 7.Re1 Bc5 8.c3 d6
9.d4 Bb6 10.h3 h6 11.a4 O-O 12.dxe5 dxe5 13.Qxd8 Raxd8 14.axb5 axb5 15.Na3 Na7
16.Bc2 Rfe8 17.Be3 Nd7 18.Bxb6 Nxb6 19.Red1 f6 20.Ne1 Rxd1 21.Rxd1 Kf8 22.f3 Ke7
23.Kf2 Nd7 24.Bd3 c6 25.b4 Nc8 26.c4 bxc4 27.Nxc4 Ndb6 28.Na5 Ba8 29.Rc1 Kd6
30.Ba6 Ne7 31.Nd3 Nd7 32.Bb7 Rb8 33.Bxa8 Rxa8 34.Nb7+ Kc7 35.Nbc5 Nf8 36.f4 Ra2+
37.Kg1 exf4 38.Nxf4 Kb6 39.Nfe6 Nxe6 40.Nxe6 Re2 41.Rc4 f5 42.exf5 Nxf5 43.Nf4 Re5
44.g4 Ne7 45.Nh5 g6 46.Nf6 Re6 47.Nd7+ Kb5 48.Rd4 Nd5 49.Nc5 Re3 50.Nd3 Rxh3
51.Ne5 g5 52.Kg2 Re3 53.Nc4 Re6 54.Na3+ Ka4 55.Nb1 Kb3 56.b5 Nf4+ 57.Rxf4 gxf4
58.bxc6 Rxc6 59.Nd2+ Kc3 60.Nf3 Re6 61.Nh4 Re3 62.Nf5 Kd3 63.Kf2 Ke4 64.Nxh6 Rg3
65.Ng8 Ke5 66.Nh6 Kf6 67.Nf5 Ra3 68.Nd4 Kg5 69.Nf3+ Kxg4 70.Ne5+ Kf5 71.Nf3 Ra2+
72.Kf1 Kg4  0-1

[Event "Abkhasian Open"]
[Site "Sukhumi GEO"]
[Date "2008.08.05"]
[Round "3"]
[White "Eraschenkov,D"]
[Black "Minosians,A"]
[Result "1-0"]
[WhiteElo "2402"]
[BlackElo "1971"]

1.e4 e5 2.Nf3 Nc6 3.Bb5 a6 4.Ba4 Nf6 5.O-O b5 6.Bb3 Bb7 7.d3 Be7 8.Nc3 d6
9.a4 b4 10.Nd5 Nxd5 11.Bxd5 Na5 12.Bxb7 Nxb7 13.d4 Bf6 14.dxe5 dxe5 15.Qe2 Nd6
16.Rd1 O-O 17.Be3 Qb8 18.Bc5 Re8 19.Bxd6 cxd6 20.Nd2 Rd8 21.Nc4 Qc7 22.Rd5 Be7
23.a5 g6 24.Ra4 Rab8 25.Nb6 b3 26.c3 Qc6 27.Qxa6 f5 28.Qc4 Qxc4 29.Rxc4 Kf7
30.f3 fxe4 31.fxe4 Bg5 32.Kf2 Ke6 33.Rb4 Rb7 34.Ke2 Rf8 35.Nc4 Rd7 36.Rb6  1-0

[Event "Najdorf Memorial Open"]
[Site "Warsaw POL"]
[Date "2008.08.05"]
[Round "4"]
[White "Brzeski,M"]
[Black "Owczarzak,J"]
[Result "1-0"]
[WhiteElo "2208"]
[BlackElo "2343"]

1.e4 e5 2.Nf3 Nc6 3.Bb5 a6 4.Ba4 Nf6 5.O-O b5 6.Bb3 Bb7 7.c3 Be7 8.d4 d6
9.Re1 O-O 10.Nbd2 h6 11.Qe2 Re8 12.a4 Bf8 13.axb5 axb5 14.Rxa8 Qxa8 15.Qxb5 exd4
16.cxd4 Na7 17.Qf5 Bxe4 18.Rxe4 Rxe4 19.Nxe4 Qxe4 20.Qxe4 Nxe4 21.d5 g6 22.Be3 Nc8
23.Nd4 Bg7 24.Nb5 Bxb2 25.Bxh6 Nc5 26.Ba2 Na6 27.Be3 Ne7 28.Bc4 Kf8 29.Bf4 Be5
30.Bxe5 dxe5 31.d6 cxd6 32.Nxd6 Nb4 33.Nxf7 Nbc6 34.Nd6 Nf5 35.Ne4 Ke7 36.g3 Nd6
37.Bd3 Nf5 38.Kg2 Kf7 39.Kh3 Kg7 40.Nc5 Nd6 41.Kg4 Nb4 42.Bb1 Nd5 43.h4 Nf6+
44.Kf3 Kh6 45.Ne6 Nf7 46.g4 g5 47.Kg3 Ne8 48.Bc2 Ng7 49.Nxg7 Kxg7 50.h5 Nd6
51.Kf3 Kh6 52.Ke3 Kg7 53.f3 Kf6 54.h6 Nf7 55.h7 Kg7 56.Kd2 Kf6 57.Kd3 Nh8
58.Ke4 Ke6 59.Bb3+ Kf6 60.Kd5 Nf7 61.Bc2 Nh8 62.Kd6 Nf7+ 63.Kd7 Kg7 64.Ke6 Nd8+
65.Kxe5 Nc6+ 66.Kd6 Nd4 67.Be4 Ne2 68.Ke5 Ng1 69.Ke6 Nh3 70.Ke5 Ng1 71.Kf5 Nh3
72.Bd3 Ng1 73.Ke4 Nh3 74.Bf1 Nf4 75.Kf5 Kxh7 76.Kxg5 Nd5 77.f4 Kg7 78.Bc4 Nc3
79.Kf5 Na4 80.g5 Nc5 81.Kg4 Nd7 82.Be6 Nf8 83.f5 Nh7 84.Ba2 Nf8 85.f6+ Kh8
86.Kf5 Nd7 87.Bb1  1-0

[Event "8th United Insurance"]
[Site "Dhaka BAN"]
[Date "2008.08.06"]
[Round "10"]
[White "Abu Sufian,S"]
[Black "Sharma,Di"]
[Result "1/2-1/2"]
[WhiteElo "2418"]
[BlackElo "2354"]

1.e4 e5 2.Nf3 Nc6 3.Bb5 a6 4.Ba4 Nf6 5.O-O b5 6.Bb3 Bb7 7.Re1 Bc5 8.c3 d6
9.d4 Bb6 10.Be3 O-O 11.Nbd2 Qd7 12.h3 Rad8 13.d5 Ne7 14.Bxb6 cxb6 15.a4 bxa4
16.Bxa4 b5 17.Bc2 Ng6 18.Bd3 Nf4 19.Bf1 Rb8 20.c4 bxc4 21.Nxc4 Ne8 22.Qd2 f5
23.Nfxe5 dxe5 24.Nxe5 Nxh3+ 25.gxh3 Qd6 26.Nc4 Qg6+ 27.Bg2 fxe4 28.Rxe4 Nf6
29.Rd4 Rbd8 30.Ne5 Qf5 31.Nc6 Rd7 32.Re1 Kh8 33.Ne7 Qh5 34.Qf4 Rfd8 35.d6 Bxg2
36.Kxg2 Qc5 37.b4 Qb5 38.Red1 a5 39.bxa5 Qxa5 40.Nc6 Qa8 41.Qf3 Re8 42.Ne5 Qxf3+
43.Nxf3 h6 44.Nd2 g5 45.Nc4 Re6 46.Ra1 Kg7 47.Ra6 Ne8 48.Rc6 Kf8 49.Kg3 Rf6
50.Rc8 Re6 51.h4 Kf7 52.hxg5 Nxd6 53.Nxd6+ Rexd6 54.Rh4 Kg7 55.gxh6+ Rxh6  1/2-1/2

[Event "Najdorf Memorial Open"]
[Site "Warsaw POL"]
[Date "2008.08.06"]
[Round "5"]
[White "Onischuk,V"]
[Black "Bartel,Mi"]
[Result "1-0"]
[WhiteElo "2506"]
[BlackElo "2266"]

1.e4 e5 2.Nf3 Nc6 3.Bb5 a6 4.Ba4 Nf6 5.O-O b5 6.Bb3 Bb7 7.Re1 Bc5 8.c3 d6
9.d3 h6 10.h3 O-O 11.Nbd2 Re8 12.Nf1 Qd7 13.Nh4 d5 14.Qf3 Na5 15.Bc2 Be7
16.Nf5 Kh8 17.N1e3 c5 18.Ng4 Qe6 19.Nxe7 dxe4 20.dxe4 Rxe7 21.Nxf6 Qxf6 22.Qxf6 gxf6
23.Bxh6 Rd7 24.Rad1 Rad8 25.Rxd7 Rxd7 26.Bc1 Nc4 27.Re2 a5 28.b3 Nb6 29.Be3 Rc7
30.Rd2 Kg7 31.f3 b4 32.cxb4 axb4 33.Bd3 Kf8 34.Rc2 Nd7 35.Bb5  1-0

[Event "Independence Cup A"]
[Site "Kyiv UKR"]
[Date "2008.08.13"]
[Round "11"]
[White "Zaichuk,V"]
[Black "Bochkarev,A UKR"]
[Result "0-1"]
[WhiteElo "1953"]
[BlackElo "2338"]

1.e4 e5 2.Nf3 Nc6 3.Bb5 a6 4.Ba4 Nf6 5.O-O b5 6.Bb3 Bb7 7.d3 Bd6 8.c3 O-O
9.Re1 h6 10.Nbd2 Re8 11.Nf1 Bf8 12.Ne3 Na5 13.Bc2 c5 14.a4 d5 15.exd5 Nxd5
16.Nxd5 Qxd5 17.axb5 axb5 18.Re3 Nc4 19.Rxa8 Nxe3 20.Bxe3 Rxa8 21.h3 e4 22.Ne1 exd3
23.Qxd3 Qxd3 24.Bxd3 Ra1 25.Kf1 c4 26.Bf5 b4 27.Ke2 Ra2 28.cxb4 Rxb2+ 29.Nc2 g6
30.Bd4 Ra2  0-1

[Event "WCh-Junior"]
[Site "Gaziantep TUR"]
[Date "2008.08.15"]
[Round "13"]
[White "Durarbeyli,V"]
[Black "Lenic,L"]
[Result "1-0"]
[WhiteElo "2413"]
[BlackElo "2584"]

1.e4 e5 2.Nf3 Nc6 3.Bb5 a6 4.Ba4 Nf6 5.O-O b5 6.Bb3 Bb7 7.d3 Be7 8.Re1 O-O
9.Nbd2 h6 10.Nf1 Re8 11.Ne3 Bf8 12.c3 Na5 13.Bc2 c5 14.Nf5 d5 15.Qe2 c4 16.Nd2 g6
17.Ng3 cxd3 18.Bxd3 Qd7 19.exd5 Nxd5 20.Nf3 Bg7 21.Qc2 Rac8 22.a3 b4 23.Bxg6 fxg6
24.axb4 Nxb4 25.Qxg6 Rc6 26.Qb1 Nb3 27.cxb4 Nxa1 28.Qxa1 Rc4 29.Qa2 Qe6 30.Bd2 e4
31.Nh5 Bd5 32.Nxg7 Kxg7 33.b3 Rcc8 34.Nd4 Qf6 35.Be3 Kh7 36.Qa4 Red8 37.h3 Bf7
38.b5 axb5 39.Nxb5 Qg6 40.Nd4 Ra8 41.Qb4 Rab8 42.Qe7 Re8 43.Qc7 Rec8 44.Qf4 Rg8
45.g3 Bxb3 46.Rc1 Rgf8 47.Rc7+ Kg8 48.Qxh6 Qxh6 49.Bxh6 Rf7 50.Rc5 Bd1 51.Be3 Rb1
52.Kh2 Rb2 53.Nf5 Rh7 54.Rc8+ Kf7 55.Nd6+ Ke7 56.Rc7+ Kxd6 57.Rxh7 Bf3 58.g4  1-0

[Event "Petrovskaya Ladya IM"]
[Site "Peterhof RUS"]
[Date "2008.08.18"]
[Round "10"]
[White "Solovjov,S"]
[Black "Frolochkin,V"]
[Result "1-0"]
[WhiteElo "2434"]
[BlackElo "2311"]

1.e4 e5 2.Nf3 Nc6 3.Bb5 a6 4.Ba4 Nf6 5.O-O b5 6.Bb3 Bb7 7.Re1 Be7 8.c3 O-O
9.d4 d6 10.Nbd2 Re8 11.Nf1 Bf8 12.Ng3 g6 13.Bg5 Bg7 14.Qd2 Na5 15.Bc2 Nc4
16.Qc1 Qd7 17.b3 Nb6 18.Qd2 Rad8 19.Rad1 Qc8 20.a4 bxa4 21.bxa4 Qa8 22.a5 Nc4
23.Qe2 Na3 24.Bd3 exd4 25.cxd4 h6 26.Bxf6 Bxf6 27.Qb2 Nb5 28.Bxb5 axb5 29.Qxb5 Rb8
30.Qa4 c5 31.dxc5 dxc5 32.Rd6 Be7 33.Rb6 Ba6 34.h4 Rxb6 35.axb6 h5 36.e5 Bb7
37.Qf4 Qa2 38.e6 f6 39.Ne4 Kg7 40.Nd6 Rb8 41.Nf5+ gxf5 42.Qxb8 Qd5 43.Qe8 Qd6
44.Qd7 Bc6 45.Qxd6 Bxd6 46.Rd1  1-0

[Event "44th Rubinstein Mem Open A"]
[Site "Polanica Zdroj POL"]
[Date "2008.08.19"]
[Round "1"]
[White "Piorun,K"]
[Black "Walkusz,W"]
[Result "1-0"]
[WhiteElo "2445"]
[BlackElo "2151"]

1.e4 e5 2.Nf3 Nc6 3.Bb5 a6 4.Ba4 Nf6 5.O-O b5 6.Bb3 Bb7 7.c3 Be7 8.d4 d6
9.Re1 O-O 10.a4 h6 11.Nbd2 Re8 12.Nf1 Bf8 13.Ng3 exd4 14.cxd4 Na5 15.Bc2 c5
16.d5 Nc4 17.b3 Ne5 18.Bb2 bxa4 19.bxa4 Qa5 20.Nxe5 dxe5 21.Qf3 Bc8 22.Qd3 Qb4
23.Bc3 c4 24.Qd2 Qc5 25.Reb1 Bd7 26.Nf1 Qa7 27.Ne3 Rac8 28.Rb2 Bc5 29.Rab1 Bd4
30.Rb7 Bxc3 31.Qxc3 Qd4 32.Qa5 Rc5 33.Qxa6 Bc8 34.Rd1 Bxb7 35.Qb6 Nxe4 36.Rxd4 exd4
37.Bxe4 dxe3 38.Qxc5 e2 39.Qe3 f5 40.Qxe2 Rxe4 41.Qd2 c3 42.Qxc3 Rxa4 43.h3 Ra8
44.d6  1-0

[Event "ch-SLO"]
[Site "Ljubljana SLO"]
[Date "2008.08.20"]
[Round "5"]
[White "Sakelsek,T"]
[Black "Lenic,L"]
[Result "0-1"]
[WhiteElo "2390"]
[BlackElo "2584"]

1.e4 e5 2.Nf3 Nc6 3.Bb5 a6 4.Ba4 Nf6 5.O-O b5 6.Bb3 Bb7 7.d3 Be7 8.Nc3 O-O
9.Bd2 d6 10.Ne2 d5 11.Ng3 dxe4 12.dxe4 Bd6 13.c3 Na5 14.Bc2 Nc4 15.Bc1 Re8
16.a4 Nb6 17.axb5 axb5 18.Rxa8 Qxa8 19.Qe2 Ba6 20.Bd3 c6 21.Qe3 Qd8 22.h3 Bc8
23.Rd1 Be6 24.Be2 Nc8 25.Bd3 Bb3 26.Re1 g6 27.Qe2 Nb6 28.Bg5 Bf8 29.Ra1 h6
30.Be3 Nfd7 31.Nd2 Be6 32.b3 Qc7 33.Bc2 Ra8 34.Qd1 Qb7 35.Qc1 Kh7 36.Ne2 Rd8
37.Nf1 Nc5 38.Qb1 b4 39.cxb4 Na6 40.b5 cxb5 41.Bd3 Na8 42.Neg3 N8c7 43.Be2 Bc5
44.Bxc5 Nxc5 45.b4 Nb3 46.Ra3 Nd4 47.Ne3 h5 48.Bf1 h4 49.Ne2 Nxe2+ 50.Bxe2 Rd4
51.Bg4 Kg7 52.Bxe6 Nxe6 53.Nd5 Nc7 54.Nc3 Qc6 55.Qb3 Qd6 56.Ra7 Rd2 57.Ra2 Rd3
58.Qc2 Rd4 59.Qc1 Qxb4 60.Rc2 Qd6 61.Kh2 b4 62.Ne2 Rd1 63.Qg5 b3 64.Rb2 Ne6
65.Qxh4 Rd2  0-1

[Event "X Sants Open"]
[Site "Barcelona ESP"]
[Date "2008.08.27"]
[Round "6"]
[White "Guliyev,N"]
[Black "Bartel,Mat"]
[Result "1/2-1/2"]
[WhiteElo "2510"]
[BlackElo "2579"]

1.e4 e5 2.Nf3 Nc6 3.Bb5 a6 4.Ba4 Nf6 5.O-O b5 6.Bb3 Bb7 7.d3 Be7 8.a4 O-O
9.Nc3 b4 10.Nd5 Na5 11.Nxe7+ Qxe7 12.Ba2 d5 13.exd5 Bxd5 14.Re1 Bxa2 15.Rxa2 Nd7
16.b3 c5 17.Bb2 f6 18.Ra1 Qf7 19.Nd2 Nb6 20.Nf1 Nc6 21.Ne3 Nd4 22.a5 Nd5
23.Bxd4 cxd4 24.Nxd5 Qxd5 25.Qd2 Qc5 26.Re2 Rfe8 27.h3 Rac8 28.Ra4 Rb8 29.Kh2 Qd6
30.g3 Rec8 31.Ra1 Rb5 32.f4 exf4 33.Qxf4 Re5 34.Rae1 Rxe2+ 35.Rxe2 Qxf4 36.gxf4 Kf7
37.Kg3 Rc5 38.Re4 Rd5 39.f5 g6 40.Rh4 Kg7 41.Re4 Kf7 42.Rh4 Kg7  1/2-1/2